| 000 | 00607cab a2200205 4500 | ||
|---|---|---|---|
| 001 | ABS57475 | ||
| 008 | 090401t1997 xxu||||| |||| 00| 0 eng d | ||
| 035 | _a(Sirsi) u80471 | ||
| 041 | _aeng | ||
| 100 | _aAlexander, G | ||
| 245 | _aIn party mood | ||
| 260 | _c1997 | ||
| 350 | _a0 | ||
| 490 |
_aBuilding _v262(8004) 22 August 1997, 20(1) |
||
| 520 | _aLooks at how the Party Wall etc. Act 1996 can settle disputes between neighbours and prevent them from breaking out. | ||
| 650 | _aPARTY WALL ETC ACT 1996 | ||
| 690 | _aHIGHWAYS RIGHTS OF WAY AND EASEMENTS | ||
| 942 | _n0 | ||
| 948 | _c27/08/1997 | ||
| 999 |
_c50667 _d50667 |
||